LEADER 01469nam a2200337 u 4500 001 000000051944 003 CaOOAMICUS 005 20070226115408.0 008 001004s2000 it u000 u ita u 020 $a8839907742 035 $a10857165 040 $aPUL$bita 041 1 $aita$hger 100 1 $aWind, Renate.$0(OLS)http://pul/name/37218 240 10$aWer bist du, Christus? : Ein ökumenisches Lesebuch zur Christologie Dietrich Bonhoeffers.$lItaliano.$0(OLS)http://pul/title/69703 245 10$aChi sei tu, o Cristo? :$bun libro ecumenico di lettura sulla Cristologia di Dietrich Bonhoeffer /$cRenate Wind - Craig L. Nessan. 260 $aBrescia :$bQueriniana,$cc2000. 300 $a89 p. ;$c20 cm 490 1 $aGiornale di teologia ;$v274 500 $aContiene indici. 600 14$aBonhoeffer, Dietrich,$d1906-1945.$0(OLS)http://pul/subject/2560 700 1 $aNessan, Craig L.$0(OLS)http://pul/name/37219 830 0$aGiornale di teologia ;$v274.$0(OLS)http://pul/title/9027 850 $aPUL 852 $aPUL$W1$xSL Religione 3$y85$m200 GDT 1.274$j68737$nBK-PRI$b $qDDC 21$B68737$CPULBib$Z2$F68737 $82 941 1 $a9 961 $aINV: 82904 983 0$aGdT. 996 $6020$a8839907742$9(OLS)http://pul/number/65683 996 $6245$aChi sei tu, o Cristo? :$bun libro ecumenico di lettura sulla Cristologia di Dietrich Bonhoeffer$9(OLS)http://pul/title/69704 996 $6260$aBrescia :$bQueriniana$9(OLS)http://pul/publisher/47906 LEADER 01270nam a2200301 u 4500 001 000000063192 003 CaOOAMICUS 005 20070226121222.0 008 011022s1972 gb u000 u eng u 020 $a0852242182 035 $a10907245 040 $aPUL(R)$bita 100 1 $aWatt, William Montgomery.$0(OLS)http://pul/name/1084 245 14$aThe influence of Islam on medieval Europe /$cW. Montgomery Watt. 260 $aEdinburgh :$bEdinburgh University Press,$cc1972. 300 $aviii, 125 p. : ;$c18 cm 490 1 $aIslamic surveys ;$v9 504 $aIncludes bibliographical references and index. 650 0$aCivilization, Islamic.$2//eng$0(OLS)http://pul/subject/23741 650 0$aMiddle Ages$xHistory.$2//eng$0(OLS)http://pul/subject/939 830 0$aIslamic surveys ;$v9.$0(OLS)http://pul/title/84279 850 $aPUL 852 $aPUL$W1$xSL Religione 1$y3$m70 B 74$j82030$nBK-PRI$b $qStampati$B82030$CPULBib$Z2$F82030 $H $81 941 1 $a8 961 $aINV: 37082 996 $6020$a0852242182$9(OLS)http://pul/number/82016 996 $6245$aThe influence of Islam on medieval Europe$9(OLS)http://pul/title/84278 996 $6260$aEdinburgh :$bEdinburgh University Press$9(OLS)http://pul/publisher/50530